000 01449cam a2200157 4500500
005 20260322010353.0
041 _afre
042 _adc
100 1 0 _aWillems Federici, David
_eauthor
245 0 0 _aEnjeux du soin en obésité : corps en perte face aux agonistes du GLP-1
260 _c2026.
500 _a97
520 _aÀ présent reconnus politiquement et médiatiquement, beaucoup de proches aidants de personnes en perte d’autonomie n’ont pas recours aux droits, services, aides et/ou prestations auxquels ils pourraient prétendre. Cet article propose de s’interroger sur l’effectivité de l’offre destinée aux proches aidants et sur les formes que prend ce non-recours. La difficulté à appréhender les besoins propres des proches aidants ainsi que le caractère hétérogène de l’offre qui leur est destinée au niveau des territoires contribuent à expliquer la rencontre en partie manquée entre l’offre et la demande. Il est également utile de s’intéresser aux logiques de recours différenciées des proches aidants ainsi qu’aux représentations qu’ont les professionnels du social et de la santé des offres et de ce que peut être leur propre rôle vis-à-vis des proches aidants.
786 0 _nLe Journal des psychologues | Hors-série | HS7 | 2026-02-13 | p. 18-23 | 0752-501X
856 4 1 _uhttps://shs.cairn.info/revue-le-journal-des-psychologues-2026-hs7-page-18?lang=fr&redirect-ssocas=7080
999 _c1756038
_d1756038